Statystyki dla Kraje Byłego Związku Radzieckiego

Kliknij tutaj aby rozwiązać quiz!

Ogólne statystyki

  • Ten quiz został rozwiązany 38 razy
  • Średni wynik to 14 z 15

Statystyki odpowiedzi

HintOdpowiedź% Poprawnych
2Kazachstan
100%
1Rosja
100%
9Azerbejdżan
97%
10Białoruś
97%
13Estonia
97%
11Litwa
97%
12Łotwa
97%
7Gruzja
94%
15Ukraina
94%
5Kirgistan
91%
6Tadżykistan
91%
8Armenia
88%
4Turkmenistan
88%
3Uzbekistan
88%
14Mołdawia
82%

Rozkład punktacji

Percentyl według liczby udzielonych odpowiedzi

Procent ludzi z każdym wynikiem

Twoja historia wyników

Nie rozwiązałeś tego quizu